| 000 | 00939nam a2200313 i 4500 | ||
|---|---|---|---|
| 999 |
_c200443759 _d61971 |
||
| 001 | 200443759 | ||
| 003 | TR-AnTOB | ||
| 005 | 20220705102154.0 | ||
| 007 | ta | ||
| 008 | 741203s1983 tu d b 000 0 tur d | ||
| 010 | _a94185799 | ||
| 035 | _a(TR-AnTOB)200443759 | ||
| 040 |
_aTR-AnTOB _beng _erda _cTR-AnTOB |
||
| 041 | 0 | _atur | |
| 050 | 1 | 4 |
_aQD181.N2 _bS63 1983 |
| 090 |
_aTOBBK QD181.N2 _bS63 1983 |
||
| 245 | 1 | 0 |
_aSodyum bileşikleri sektör araştırması / _c[haz.] Hilal Erkan, Gülin Gülekli. |
| 264 | 1 |
_aAnkara : _bDESİYAB, _c1983. |
|
| 300 |
_a114 pages : _btables ; _c24 cm |
||
| 336 |
_atext _btxt _2rdacontent |
||
| 337 |
_aunmediated _bn _2rdamedia |
||
| 338 |
_avolume _bnc _2rdacarrier |
||
| 650 | 7 |
_aSodyum _2etuturkob _9132718 |
|
| 700 | 1 |
_aErkan, Hilal _eeditor _9132719 |
|
| 700 | 1 |
_aGülekli, Gülin _eeditor _9132720 |
|
| 942 |
_2z _cBK |
||